| 000 | 00453nam a22001691a 4500 | ||
|---|---|---|---|
| 020 | _a9780195146332 | ||
| 082 |
_a111.85 _bEMO/A |
||
| 245 |
_aAesthetics in a multicultural age/ _cby Emory Elliot (ed.) |
||
| 260 |
_aLondon: _bOxford University Press, _c2002. |
||
| 300 | _a299p. | ||
| 650 | _aAesthetics | ||
| 650 | _aPhilosophy | ||
| 700 | _aEmory Elliot (ed.) | ||
| 700 | _aJeffrey Rhyne (ed.) | ||
| 700 | _aLouis Freitas Caton (ed.) | ||
| 942 | _cBK | ||
| 999 |
_c1182 _d1182 |
||